Top ten power forwards of all time - Statistics

General Stats
  • This quiz has been taken 15 times
  • The average score is 6 of 10
Answer Stats
Hint Answer % Correct
1 Tim Duncan
93%
3 Dirk Nowitzki
73%
2 Kevin Garnett
73%
5 Charles Barkley
67%
4 Karl Malone
60%
7 Kevin McHale
60%
9 Dennis Rodman
47%
8 Elvin Hayes
40%
10 Pau Gasol
40%
6 Bob Petitt
13%
No matching quizzes found
Score Distribution
Percent of People with Each Score
Percentile by Number Answered
Your Score History
You have not taken this quiz